LEADER 04019nam 22008535 450 001 9910298629403321 005 20250609110110.0 010 $a3-319-12868-X 024 7 $a10.1007/978-3-319-12868-9 035 $a(CKB)3710000000394681 035 $a(EBL)2094145 035 $a(SSID)ssj0001500930 035 $a(PQKBManifestationID)11830196 035 $a(PQKBTitleCode)TC0001500930 035 $a(PQKBWorkID)11523061 035 $a(PQKB)11161025 035 $a(DE-He213)978-3-319-12868-9 035 $a(MiAaPQ)EBC2094145 035 $z(PPN)258869429 035 $a(PPN)18548431X 035 $a(MiAaPQ)EBC3109364 035 $a(EXLCZ)993710000000394681 100 $a20150408d2015 u| 0 101 0 $aeng 135 $aur|n|---||||| 181 $ctxt 182 $cc 183 $acr 200 10$aHybrid and Hierarchical Composite Materials /$fedited by Chang-Soo Kim, Charles Randow, Tomoko Sano 205 $a1st ed. 2015. 210 1$aCham :$cSpringer International Publishing :$cImprint: Springer,$d2015. 215 $a1 online resource (363 p.) 300 $aDescription based upon print version of record. 311 08$a3-319-12867-1 320 $aIncludes bibliographical references. 327 $aIntroduction -- Organic-Inorganic Polymer Hybrids: Synthetic Strategies and Applications -- Polymer-Tethered Nanoparticle Materials ? An Emerging Platform for Multifunctional Hybrid Materials -- Multiferroic Magnetoelectric Composites/Hybrids -- Clay/Polymer Nanocomposites: Processing, Properties and Applications -- Medical Applications of Hierarchical Composites -- Electrochemical Hierarchical Composites -- Bioinspired Structural Hierarchical Composites -- Hierarchical Composites Containing Carbon Nanotubes. 330 $aThis book addresses a broad spectrum of areas in both hybrid materials and hierarchical composites, including recent development of processing technologies, structural designs, modern computer simulation techniques, and the relationships between the processing-structure-property-performance. Each topic is introduced at length with numerous  and detailed examples and over 150 illustrations.   In addition, the authors present a method of categorizing these materials, so that representative examples of all material classes are discussed. 606 $aCeramics 606 $aGlass 606 $aComposite materials 606 $aComposite materials 606 $aPolymers 606 $aNanoscience 606 $aNanoscience 606 $aNanostructures 606 $aNanotechnology 606 $aCeramics, Glass, Composites, Natural Materials$3https://scigraph.springernature.com/ontologies/product-market-codes/Z18000 606 $aPolymer Sciences$3https://scigraph.springernature.com/ontologies/product-market-codes/C22008 606 $aNanoscale Science and Technology$3https://scigraph.springernature.com/ontologies/product-market-codes/P25140 606 $aNanotechnology and Microengineering$3https://scigraph.springernature.com/ontologies/product-market-codes/T18000 615 0$aCeramics. 615 0$aGlass. 615 0$aComposite materials. 615 0$aComposite materials. 615 0$aPolymers. 615 0$aNanoscience. 615 0$aNanoscience. 615 0$aNanostructures. 615 0$aNanotechnology. 615 14$aCeramics, Glass, Composites, Natural Materials. 615 24$aPolymer Sciences. 615 24$aNanoscale Science and Technology. 615 24$aNanotechnology and Microengineering. 676 $a541.2254 676 $a620.11 676 $a620.14 676 $a620.5 702 $aKim$b Chang-Soo$4edt$4http://id.loc.gov/vocabulary/relators/edt 702 $aRandow$b Charles$4edt$4http://id.loc.gov/vocabulary/relators/edt 702 $aSano$b Tomoko$4edt$4http://id.loc.gov/vocabulary/relators/edt 906 $aBOOK 912 $a9910298629403321 996 $aHybrid and Hierarchical Composite Materials$92156579 997 $aUNINA LEADER 05434oam 2200745I 450 001 9910971001103321 005 20251117110701.0 010 $a1-136-41183-6 010 $a0-203-04979-9 010 $a1-136-41176-3 024 7 $a10.4324/9780203049792 035 $a(CKB)2670000000545191 035 $a(EBL)1656112 035 $a(SSID)ssj0001132740 035 $a(PQKBManifestationID)12464456 035 $a(PQKBTitleCode)TC0001132740 035 $a(PQKBWorkID)11155631 035 $a(PQKB)10988363 035 $a(MiAaPQ)EBC1656112 035 $a(Au-PeEL)EBL1656112 035 $a(CaPaEBR)ebr10851300 035 $a(CaONFJC)MIL583091 035 $a(OCoLC)875096673 035 $a(OCoLC)878144083 035 $a(FINmELB)ELB135882 035 $a(EXLCZ)992670000000545191 100 $a20180706e20122002 uy 0 101 0 $aeng 135 $aur|n|---||||| 181 $ctxt 182 $cc 183 $acr 200 10$aPioneering paths in the study of families $ethe lives and careers of family scholars /$fSuzanne K. Steinmetz, Gary W. Peterson 205 $a1st ed. 210 1$aNew York :$cRoutledge,$d2012. 215 $a1 online resource (925 p.) 300 $a"Pioneering paths in the study of families : the lives and careers of family scholars has been previously published as Marriage & family review, volume 30, number 3 2000; volume 30, number 4 2001; volume 31, numbers 1/2/3/4/ 2001; and volume 32, number 1/2 2001." 300 $aFirst published in 2002. 311 08$a0-7890-2089-0 311 08$a0-7890-2088-2 320 $aIncludes bibliographical references and index. 327 $aCover; Half Title; Title Page; Copyright Page; Table of Contents; Preface; PART I: CROSSING BOUNDARIES; Crossing Boundaries: An Introduction to the Lives of Family Scholars; A Hero's Journey: The Lifeway s of a Modern Day Asclepius; My Autobiography; In Search of Resiliency in Families: Vision Quest of a Native Hawaiian Family Scholar; Life as a Sociologist; My Biographical Self: A Brief Sketch; Exploring and Defining Early Social Ecologies and Their Impact: Mothers, Fathers, Families and Cultures; PART II: OVERCOMING OBSTACLES; Overcoming Obstacles-Challenges to Life and Scholarship 327 $aNow Take My Life-Please!By the Book: An Academic Memoir; Living the Literature: Keeping My Family in Family Sociology; Aspirations and Possibilities: Coming to Terms with Other People's Reality; Constructing a Life Course; Following a Non-Linear Career Path: Dietetics + Child Development + Special Education = Family Studies; PART III: ENVIRONMENTAL AND FAMILY INFLUENCES SHAPING FAMILY SCHOLARS; Environmental and Family Influences Shaping Family Scholars; An Autobiographical Sketch; How I Got This Way: Memoirs of a Liberal; The Autobiography of a Sex Researcher: Short Version 327 $aMy Family and Me: A 20th Century SagaA Personal and Intellectual Journey; My Life Story: Reflections of an Early Family Scholar; Families, Social Change, and Individual Lives; Making the World Safe for Difference; PART IV: INTERSECTIONS: UNIQUE CAREER PATHS TO STUDYING FAMILIES; Intersections: Unique Career Paths to Studying Families; Toward Understanding Families as Groups; The Importance of Serendipity; Continuities and Diversities; Coming Full Circle: From Volunteer to Professional; The Social Construction of a Family Sociologist 327 $aOrchestrating Differences: The Making of a Family PsychologistReflections of a Psychologist Turned Relationship/ Family Scientist; Soft Ideas and Hard Methods: Family Sociologist or Social Psychologist?; The Admiral's Son with an Independent Spirit; Trying to Make Sense of Self: A Work in Progress; PART V: INDEPENDENT SPIRITS; Independent Spirits; Evelyn Duvall's Life; Migration into Middle Class: Social Capital at Work; How a Kid from the North Woods Got Lucky; Mountains, Mormonism, Marriage, and Family: Life and Career Reflections; The Way Things Were and Still Are 327 $aObserving Families: Their Contexts and ConsequencesAn Interest in Lost Persons; Threads in My Professional Career; Life Course Reflections; Everyday Life in Family Scholarship and Family Life: Sketches and Interpretations; Index 330 $aMeet the men and women whose groundbreaking work elevated the field of family studies! In Pioneering Paths in the Study of Families: The Lives and Careers of Family Scholars, you'll find 40 autobiographies written by leading scholars in sociology, family studies, psychology, and child development. Their fascinating stories demonstrate how their family experiences, educational opportunities, and occupational endeavors not only shaped the disciplines they chose but also shaped the theoretical perspectives they utilized and the topics they researched. From the editors: ?These au 606 $aFamilies$xResearch 606 $aFamily life education 606 $aSociologists$vBiography 606 $aHome economists$vBiography 615 0$aFamilies$xResearch. 615 0$aFamily life education. 615 0$aSociologists 615 0$aHome economists 676 $a306.85/07/2 700 $aSteinmetz$b Suzanne K.$0867079 701 $aPeterson$b Gary W$0867080 801 0$bMiAaPQ 801 1$bMiAaPQ 801 2$bMiAaPQ 906 $aBOOK 912 $a9910971001103321 996 $aPioneering paths in the study of families$94489096 997 $aUNINA